| 000 | 00752nam a2200217Ia 4500 | ||
|---|---|---|---|
| 003 | IN-BaIIA | ||
| 005 | 20250707105307.0 | ||
| 008 | 211028s9999 xx 000 0 eng d | ||
| 040 | _cIIA Library | ||
| 080 |
_a629.19 (047.1) _bPAA-17 |
||
| 245 | 0 |
_aMethods in astrodynamics and celestial mechanics _cRoynor L. Duncombe and Victor G. Szebehely |
|
| 260 |
_aNew York _bAcademic Press _c1966 |
||
| 300 | _axvi, 436p. | ||
| 490 |
_aProgress in astronautics and aeronautics _v17 |
||
| 650 |
_aAstrodynamics _91258 |
||
| 650 | _aAstronomy and Astrophysics Thesaurus | ||
| 650 | _aCelestial Mechanics | ||
| 700 |
_aDuncombe, Roynor L., ed. _94833 |
||
| 700 |
_aSzebehely, Victor G., ed. _94834 |
||
| 942 |
_cBK _2ddc |
||
| 999 |
_c2700 _d2700 |
||